000 01427cam a2200133 4500500
005 20251214002753.0
041 _afre
042 _adc
100 1 0 _aPrado de Oliveira, Luiz Eduardo
_eauthor
245 0 0 _aSándor Ferenczi : La psychanalyse autrement
260 _bArmand Colin,
_c2011.
520 _aSándor Ferenczi, psychiatre et psychanalyste hongrois (1873-1933), est sans doute le disciple le plus paradoxal de Freud, à la fois proche et critique, fidèle et novateur, méthodique et effervescent. C’est en explorant les voies ouvertes par Freud qu’il a introduit de nouvelles pratiques cliniques. Cet ouvrage retrace le parcours théorique et personnel de ce maître hongrois en s’attachant à décrire l’originalité de sa pensée et de ses innovations cliniques - technique active, introjection, amphimixie - à partir de ses écrits et de sa correspondance avec Freud. Ferenczi est l’un des véritables fondateurs de la formation analytique. Suffit-il de dire que Melanie Klein, Michaël Balint, Lacan et Winnicott ont été ses héritiers, et qu’il est à l’origine de nombreuses expériences cliniques telles que la relaxation ou la relation médecin-patient, pour mesurer son importance ? Ferenczi est aussi le psychanalyste qui nous a appris à questionner toutes nos certitudes.
856 4 1 _uhttps://shs.cairn.info/sandor-ferenczi--9782200272241?lang=fr&redirect-ssocas=7080
999 _c1567402
_d1567402